[Event "Tourn. n9806"]
[Site "www.echecsemail.com"]
[Date "2018.07.08"]
[Round "1"]
[White "Falcoale"]
[Black "Johnmcbride"]
[WhiteElo "1940"]
[BlackElo "1970"]
[Result "0-1"]
[Round "1"]
1.e4 e5
2.Ng1f3 Nb8c6
3.Bf1c4 Bf8c5
4.O-O Ng8f6
5.d3 d5
6.exd5 Nf6xd5
7.Rf1e1 Bc8g4
8.h3 Bg4xf3
9.Qd1xf3 Nd5f6
10.Bc1g5 Bc5e7
11.Bc4b5 Qd8d6
12.Nb1c3 O-O
13.Bb5xc6 bxc6
14.Qf3e2 Nf6d7
15.Nc3e4 Qd6e6
16.Bg5xe7 Qe6xe7
17.Qe2g4 Ra8b8
18.Ne4g3 g5
19.Ng3f5 Qe7f6
20.Re1e3 h5
21.Qg4f3 Rb8xb2
22.Qf3e4 Rb2xc2
23.Re3f3 Nd7c5
24.Qe4e3 e4
25.dxe4 Qf6xa1
26.Kh2 f6
27.Nf5e7 Kh7
28.Ne7xc6 Rc2c4
29.Qe3a3 a6
30.Qa3e3 Nc5xe4
31.a3 g4
32.hxg4 hxg4
33.Rf3f5 Kg7
34.Nc6e7 Rf8h8
{ resign }
0-1

[Event "Tourn. n9871"]
[Site "www.echecsemail.com"]
[Date "2018.07.08"]
[Round "1"]
[White "J1j6"]
[Black "Foxy100"]
[WhiteElo "2179"]
[BlackElo "2110"]
[Result "0-1"]
[Round "1"]
1.Ng1f3 d5
2.d4 e6
3.Bc1d2 Ng8f6
4.g3 Bf8e7
5.e3 O-O
6.Bf1d3 c5
7.dxc5 Nb8d7
8.b4 a5
9.bxa5 Nd7xc5
10.O-O Nc5e4
11.Bd3xe4 Nf6xe4
12.a3 Ne4xd2
13.Nf3xd2 Be7f6
14.c3 Qd8xa5
15.Qd1c2 Qa5c7
16.e4 Rf8d8
17.exd5 exd5
18.Ra1a2 Bc8h3
19.Rf1c1 Qc7c6
20.f3 Qc6b6
21.Kh1 Qb6f2
22.Nd2f1 Bh3g2

0-1

[Event "Match"]
[Site "www.echecsemail.com"]
[Date "2018.07.08"]
[Round "1"]
[White "Bjonil60"]
[Black "Sonny1000"]
[WhiteElo "1510"]
[BlackElo "1540"]
[Result "0-1"]
[Round "1"]
1.d4 d5
2.Ng1f3 f6
3.e3 c6
4.Qd1e2 b5
5.b3 Qd8a5
6.Bc1d2 Bc8f5
7.Bd2xa5 Ng8h6
8.g3 a6
9.Ba5c7 Bf5g4
10.h3 Bg4xf3
11.Qe2xf3 e5
12.Nb1d2 Bf8b4
13.dxe5 fxe5
14.Bc7xe5 Rh8f8
15.O-O-O Rf8xf3
16.Nd2xf3 Nb8d7
17.Be5xg7 Ke7
18.Bg7xh6 Ke6
19.Nf3g5 Kf6
20.Ng5f3 Bb4a3
21.Kb1 Ra8e8
22.Bh6g5 Kf5
23.g4 Kg6
24.Bf1d3 Kf7
25.Bd3xh7 Nd7e5
26.Nf3xe5 Re8xe5
27.Bg5f4 Re5e6
28.h4 Re6e4
29.Bf4g3 Re4xg4
30.h5 Ba3f8
31.Bh7f5 Rg4g5
32.Bf5d7 c5
33.h6 Bf8g7
34.Bg3f4 Rg5g6
35.h7 Bg7h8
36.Rd1xd5 c4
37.bxc4 bxc4
38.Rd5f5 Ke7
39.Bd7a4 Rg6b6
40.Kc1 c3
41.Bf4g5 Ke6
42.e4 Rb6b4
43.Ba4b3 Kd7
44.Rf5f7 Ke8
45.Bb3e6 Rb4xe4
46.Be6d5 Re4e5
47.Bd5c6 Kxf7
48.Rh1h6 Re5xg5
49.f3 Rg5g1

0-1

[Event "Tourn. n9831"]
[Site "www.echecsemail.com"]
[Date "2018.07.08"]
[Round "1"]
[White "Passaroa25"]
[Black "Karadayi"]
[WhiteElo "1610"]
[BlackElo "1479"]
[Result "1-0"]
[Round "1"]
1.Ng1f3 c5
2.Nb1c3 d5
3.Nf3e5 Bc8f5
4.d3 e6
5.Bc1f4 Bf8d6
6.e3 Bd6xe5
7.Bf4xe5 f6
8.Be5g3 Ng8e7
9.Nc3b5 Qd8a5
10.Nb5c3 d4
11.Qd1d2 Nb8c6
12.exd4 cxd4
13.Nc3e2 Qa5xd2
14.Kxd2 O-O
15.Bg3d6 Bf5g6
16.Ra1d1 Rf8d8
17.Bd6c7 Rd8d7
18.Bc7g3 Ne7f5
19.a3 e5
20.Ne2c1 Nf5xg3
21.fxg3 h6
22.Bf1e2  { time }
1-0

[Event "Match"]
[Site "www.echecsemail.com"]
[Date "2018.07.08"]
[Round "1"]
[White "Tonino1"]
[Black "Trusivka"]
[WhiteElo "2210"]
[BlackElo "1590"]
[Result "1-0"]
[Round "1"]
1.f4 d5
2.d4 Ng8f6
3.e3 Nf6e4
4.Bf1d3 Bc8f5
5.Ng1f3 e6
6.O-O c6
7.c3 Bf8e7
8.Qd1e2 Nb8d7
9.Nf3e5 f6
10.Ne5g4  { time }
1-0

[Event "Tourn. n9844"]
[Site "www.echecsemail.com"]
[Date "2018.07.09"]
[Round "1"]
[White "Passaroa25"]
[Black "Jjmcbride"]
[WhiteElo "1670"]
[BlackElo "1660"]
[Result "0-1"]
[Round "1"]
1.Nb1c3 e6
2.Ng1f3 d5
3.d4 f6
4.e3 b6
5.Bf1b5 c6
6.Bb5e2 Bf8d6
7.h4 Nb8a6
8.O-O Ng8h6
9.Nf3e1 e5
10.Ne1f3 e4
11.Nf3d2 f5
12.Be2h5 g6
13.Bh5e2 Qd8xh4
14.f4 Nh6g4
15.Be2xg4 fxg4
16.Nc3e2 g3
17.Qd1e1 Qh4h2

0-1

[Event "Tourn. n9867"]
[Site "www.echecsemail.com"]
[Date "2018.07.09"]
[Round "1"]
[White "Julian"]
[Black "Cvilhena1976"]
[WhiteElo "1820"]
[BlackElo "1859"]
[Result "0-1"]
[Round "1"]
1.e4 c5
2.Ng1f3 Nb8c6
3.c3 d5
4.exd5 Qd8xd5
5.d4 e5
6.dxe5 Qd5xd1
7.Kxd1 Bc8g4
8.Bf1e2 O-O-O
9.Kc2 Bg4f5
10.Kb3 c4
11.Be2xc4 Nc6a5
{ resign }
0-1

[Event "Tourn. n9876"]
[Site "www.echecsemail.com"]
[Date "2018.07.09"]
[Round "1"]
[White "Tartan"]
[Black "J1j6"]
[WhiteElo "2550"]
[BlackElo "2239"]
[Result "1-0"]
[Round "1"]
1.e4 d5
2.exd5 Qd8xd5
3.Nb1c3 Qd5d8
4.d4 g6
5.Bc1f4 Bf8g7
6.Qd1d2 Bg7xd4
7.O-O-O Nb8c6
8.Bf1b5 Kf8
9.Bb5xc6 bxc6
10.Qd2xd4 Qd8xd4
11.Rd1xd4 Bc8f5
12.Rd4c4 { resign }
1-0

[Event "Match"]
[Site "www.echecsemail.com"]
[Date "2018.07.09"]
[Round "1"]
[White "Goofy"]
[Black "Cathar"]
[WhiteElo "2340"]
[BlackElo "2169"]
[Result "1/2-1/2"]
[Round "1"]
1.e4 e6
2.d4 d5
3.Nb1c3 Bf8b4
4.exd5 exd5
5.a3 Bb4xc3
6.bxc3 Qd8e7
7.Bc1e3 Ng8f6
8.h3 Bc8f5
9.Bf1d3 Bf5xd3
10.cxd3 O-O
11.Ng1f3 Nb8d7
12.O-O c5
13.Rf1e1 Qe7d6
14.dxc5 Nd7xc5
15.Be3d4 Nf6d7
16.Nf3e5 f6
17.Ne5g4 Rf8e8
18.Ng4e3 Nc5e6
19.Qd1g4 Ne6xd4
20.Qg4xd4 Nd7b6
21.c4 Qd6e5
22.Qd4xe5 { draw }
1/2-1/2

[Event "Tourn. n9833"]
[Site "www.echecsemail.com"]
[Date "2018.07.09"]
[Round "1"]
[White "Trusivka"]
[Black "Cal"]
[WhiteElo "1590"]
[BlackElo "1700"]
[Result "0-1"]
[Round "1"]
1.e4 e5
2.Ng1f3 d6
3.d4 h6
4.d5 Ng8f6
5.Bf1d3 Bf8e7
6.c4 a6
7.Nb1c3 O-O
8.O-O c6
 { time }
0-1

[Event "Match"]
[Site "www.echecsemail.com"]
[Date "2018.07.09"]
[Round "1"]
[White "Ditto"]
[Black "Tonino1"]
[WhiteElo "1800"]
[BlackElo "2190"]
[Result "0-1"]
[Round "1"]
1.e4 d6
2.Nb1c3 Ng8f6
3.Bf1b5 c6
4.Bb5c4 b5
5.Bc4b3 b4
6.Nc3e2 Nf6xe4
7.Ng1f3 g6
8.Nf3g5 Ne4xg5
9.d4 Ng5e6
10.Bc1e3 d5
11.O-O Bf8g7
12.Qd1d2 a5
13.Bb3a4 Bc8d7
14.c3 Nb8a6
15.Ba4b3 O-O
16.Qd2d3 Qd8b6
17.c4 Na6c7
18.Ra1b1 a4
19.Bb3d1 dxc4
20.Qd3xc4 Nc7d5
21.Be3d2 Qb6b5
22.Qc4xb5 cxb5
23.Rb1c1 Ra8c8
24.Rc1xc8 Rf8xc8
25.Ne2g3 Bg7xd4
26.b3 Nd5c3
27.bxa4 bxa4
28.Bd1f3 Nc3xa2
29.Bf3b7 Rc8c2
30.Ng3e4 f5
31.Bd2e3 fxe4
32.Bb7xe4 Rc2c5
33.Rf1d1 Na2c3
34.Be3xd4 Nc3xd1
35.Bd4xc5 Ne6xc5
36.Be4d5 Kg7
37.Kf1 Nd1c3
38.Bd5c4 Bd7b5
{ resign }
0-1

[Event "Match"]
[Site "www.echecsemail.com"]
[Date "2018.07.09"]
[Round "1"]
[White "Alessiov"]
[Black "Jackbauer"]
[WhiteElo "1569"]
[BlackElo "1810"]
[Result "1-0"]
[Round "1"]
1.e4 c5
2.c3 Ng8f6
3.e5 Nf6d5
4.d4 e6
5.Ng1f3 h6
6.Bf1c4 Bf8e7
7.Bc4xd5 exd5
8.dxc5 Be7xc5
9.Qd1xd5 Qd8b6
10.b4 Bc5xf2
11.Ke2 Nb8c6
12.Nb1a3 Nc6e7
13.Qd5d3 g6
14.Na3c4 Qb6c6
15.Nc4d6 Kf8
16.Kxf2 a6
17.Qd3d4 Qc6a4
18.e6 dxe6
19.Qd4xh8 Ne7g8
20.Bc1xh6 Ke7
21.Qh8xg8 Qa4c2
22.Kg3 Kxd6
23.Qg8d8 Kc6
24.Nf3d4 
1-0

[Event "Tourn. n9859"]
[Site "www.echecsemail.com"]
[Date "2018.07.09"]
[Round "1"]
[White "Gegonz"]
[Black "Bojan"]
[WhiteElo "2170"]
[BlackElo "2050"]
[Result "1-0"]
[Round "1"]
1.d4 d5
2.c4 dxc4
3.e4 b5
4.a4 c6
5.axb5 cxb5
6.Nb1c3 Qd8d7
7.Ng1f3 f6
8.b3 Qd7c6
9.bxc4 bxc4
10.d5 Qc6c5
11.Ra1a4 Bc8a6
12.Ra4xa6 Nb8xa6
13.Qd1a4 Kf7
14.Qa4xa6 Ra8b8
15.Bf1xc4 Kg6
16.Nf3e5 Kh5
17.Bc4e2 { resign }
1-0

[Event "Tourn. n9853"]
[Site "www.echecsemail.com"]
[Date "2018.07.09"]
[Round "1"]
[White "Cathar"]
[Black "Tonino1"]
[WhiteElo "2259"]
[BlackElo "2250"]
[Result "1-0"]
[Round "1"]
1.d4 d6
2.e4 Ng8f6
3.Nb1c3 c6
4.f4 Qd8c7
5.Ng1f3 g6
6.Bf1d3 Bf8g7
7.O-O Bc8g4
8.Qd1e1 O-O
9.Qe1h4 Bg4xf3
10.Rf1xf3 Nb8d7
11.e5 dxe5
12.fxe5 Nf6d5
13.Bc1h6 Nd5xc3
14.Rf3h3 Bg7h8
15.Bh6g7 h5
16.Bg7xh8 Kxh8
17.bxc3 Kg7
18.Qh4xe7 Ra8d8
19.e6  { time }
1-0

[Event "Tourn. n9800"]
[Site "www.echecsemail.com"]
[Date "2018.07.09"]
[Round "1"]
[White "Aniruddhadg"]
[Black "Muchomurka"]
[WhiteElo "2570"]
[BlackElo "2400"]
[Result "1-0"]
[Round "1"]
1.d4 d5
2.c4 e6
3.Nb1c3 Ng8f6
4.cxd5 exd5
5.Bc1g5 Bf8e7
6.e3 Nb8d7
7.Bf1d3 c6
8.Qd1c2 O-O
9.Ng1e2 Rf8e8
10.O-O Nd7f8
11.f3 Bc8e6
12.Ra1d1 Ra8c8
13.Kh1 Nf6h5
14.Bg5xe7 Qd8xe7
15.e4 dxe4
16.fxe4 Qe7h4
17.e5 Be6g4
18.Bd3f5 Rc8d8
19.Nc3e4 Bg4xf5
20.Rf1xf5 Nf8e6
21.g3 Qh4g4
22.Ne4f2 Qg4g6
23.Qc2e4 Ne6c7
24.Qe4d3 Nc7d5
25.g4 Nh5f6
26.exf6 Nd5e3
27.Ne2f4 Qg6h6
28.fxg7 Ne3xd1
29.Qd3xd1 Qh6xg7
30.Qd1b3 Rd8xd4
31.Nf4h5 Re8e1
32.Kg2 Rd4xg4
33.Kh3 Qg7g6
34.Nh5f6 Kf8
35.Nf2xg4 Qg6xf5
36.Qb3g3  { time }
1-0

[Event "Match"]
[Site "www.echecsemail.com"]
[Date "2018.07.09"]
[Round "1"]
[White "Pinehill"]
[Black "Gambitmiau"]
[WhiteElo "2070"]
[BlackElo "1980"]
[Result "1-0"]
[Round "1"]
1.e4 Nb8c6
2.d4 d5
3.e5 Bc8f5
4.c3 f6
5.f4 Qd8d7
6.Ng1f3 O-O-O
7.Bf1b5 a6
8.a4 Kb8
9.Qd1e2 axb5
10.axb5 Nc6a7
11.c4 Bf5e4
12.b4 dxc4
13.Qe2a2 b6
14.Qa2xa7 Kc8
15.Nb1c3 Be4b7
16.Bc1e3 c5
17.bxc6 Bb7xc6
18.Qa7xb6 Qd7b7
19.Qb6a5 e6
20.O-O Kd7
21.b5 Bc6xb5
22.Nc3xb5 Ng8e7
23.Nb5d6 Qb7b3
24.Qa5a7 Kc6
25.Ra1a6 Kd5
26.Qa7c5 { resign }
1-0

[Event "Match"]
[Site "www.echecsemail.com"]
[Date "2018.07.09"]
[Round "1"]
[White "Trusivka"]
[Black "Lug47"]
[WhiteElo "1590"]
[BlackElo "1550"]
[Result "0-1"]
[Round "1"]
1.Ng1f3 d5
2.d3 Nb8c6
3.c3 Ng8f6
4.Bc1f4 e5
5.Nf3xe5 Bf8d6
6.Ne5xc6 bxc6
7.Bf4xd6 Qd8xd6
8.e3 O-O
9.Nb1a3 Bc8g4
 { time }
0-1

[Event "Tourn. n9801"]
[Site "www.echecsemail.com"]
[Date "2018.07.09"]
[Round "1"]
[White "Osopanda"]
[Black "Fabos12"]
[WhiteElo "1860"]
[BlackElo "1870"]
[Result "0-1"]
[Round "1"]
1.Ng1f3 e6
2.e4 d5
3.exd5 exd5
4.d4 Ng8f6
5.Bf1d3 Bf8d6
6.O-O O-O
7.Rf1e1 Bc8g4
8.h3 Bg4h5
9.Bc1g5 Nb8d7
10.Nb1d2 h6
11.Bg5h4 Bd6f4
12.g3 Bf4xd2
13.Qd1xd2 c6
14.Nf3e5 Qd8c7
15.Ne5xd7 Nf6xd7
16.g4 Bh5g6
17.Bd3xg6 fxg6
18.Bh4g3 Qc7b6
19.c3 Ra8e8
20.Kg2 Nd7f6
21.Bg3e5 Nf6e4
22.Qd2c2 Rf8xf2
23.Qc2xf2 Ne4xf2
24.Kxf2 Qb6xb2
25.Kg3 Qb2xc3
26.Kg2 c5
27.Ra1c1 Qc3d2
28.Kg3 cxd4
29.Rc1d1 Qd2c3
30.Kg2 Re8xe5
31.Re1xe5 Qc3c2
{ resign }
0-1

[Event "Match"]
[Site "www.echecsemail.com"]
[Date "2018.07.09"]
[Round "1"]
[White "Tonino1"]
[Black "Irene"]
[WhiteElo "1950"]
[BlackElo "2030"]
[Result "1-0"]
[Round "1"]
1.d4 d5
2.f4 g6
3.e3 e6
4.Bf1d3 c5
5.c3 Qd8h4
6.g3 Qh4h6
7.Ng1f3 Qh6h3
8.Bd3f1 Qh3f5
9.Bf1d3 Qf5h3
10.Bd3f1 Qh3g4
11.Bf1g2 cxd4
12.exd4 Ng8f6
13.O-O Nf6e4
14.Nb1d2 Ne4xg3
15.hxg3 Qg4xg3
16.Nd2b3 Bf8d6
17.Qd1e1 Bd6xf4
18.Qe1xg3 Bf4xg3
19.Bc1h6 Nb8c6
20.Nf3g5 f5
21.Nb3c5 Ke7
22.Rf1f3 Bg3h4
23.Rf3e3 Bh4xg5
24.Bh6xg5 Kf7
25.Ra1e1 Rh8e8
26.Bg2xd5 Kg7
27.Nc5xe6 Bc8xe6
28.Bd5xc6 bxc6
29.Re3xe6 Re8xe6
30.Re1xe6 Ra8c8
31.Re6e7 Kg8
32.Re7xa7 Rc8b8
33.b3 Rb8e8
34.Ra7e7 Re8xe7
35.Bg5xe7 Kf7
36.Be7g5 Kg7
37.a4 h6
38.a5 hxg5
39.a6 g4
40.a7 Kh6
41.a8Q Kh5
42.Qa8xc6 g3
43.Qc6f3 Kh6
44.Qf3xg3  { time }
1-0

[Event "Tourn. n9847"]
[Site "www.echecsemail.com"]
[Date "2018.07.09"]
[Round "1"]
[White "Gegonz"]
[Black "Bojan"]
[WhiteElo "2140"]
[BlackElo "2010"]
[Result "1-0"]
[Round "1"]
1.e4 e5
2.Nb1c3 c6
3.d4 Bf8d6
4.Ng1f3 Qd8e7
5.dxe5 Bd6xe5
6.Nf3xe5 Qe7xe5
7.Qd1f3 Ng8f6
8.Bc1f4 Qe5e6
9.O-O-O b6
10.Bf1d3 Bc8a6
11.Rh1e1 O-O
12.Bf4xb8 Ba6xd3
13.Bb8d6 Qe6xd6
14.e5 Qd6c7
15.exf6 Bd3g6
16.h4 h5
17.fxg7 Kxg7
18.g4 hxg4
19.Qf3xg4 Rf8h8
20.Rd1xd7 Qc7h2
21.Qg4d4 Kg8
22.Rd7e7 Kh7
23.Qd4f6 Rh8f8
24.Nc3e4 Kh6
25.Re7e5 Ra8e8
26.Re5h5 { resign }
1-0

[Event "Match"]
[Site "www.echecsemail.com"]
[Date "2018.07.09"]
[Round "1"]
[White "Fantomas"]
[Black "Joskomol"]
[WhiteElo "2110"]
[BlackElo "2020"]
[Result "1/2-1/2"]
[Round "1"]
1.e4 e5
2.Ng1f3 Nb8c6
3.Bf1b5 Ng8f6
4.d3 d6
5.h3 a6
6.Bb5a4 b5
7.Ba4b3 Bf8e7
8.c3 Nc6a5
9.Bb3c2 c5
10.O-O O-O
11.d4 Nf6d7
12.b3 exd4
13.cxd4 Be7f6
14.Bc1b2 Na5c6
15.Qd1d3 Nc6b4
16.Qd3d2 Bc8b7
17.e5 Nb4xc2
18.Qd2xc2 Bf6e7
19.exd6 Be7xd6
20.dxc5 Nd7xc5
21.Nb1d2 Nc5d3
22.Bb2d4 Nd3f4
23.Rf1e1 Bd6b4
24.Re1e3 Nf4xg2
25.Kxg2 Qd8xd4
{ draw }
1/2-1/2

[Event "Match"]
[Site "www.echecsemail.com"]
[Date "2018.07.09"]
[Round "1"]
[White "Cathar"]
[Black "Gidgud"]
[WhiteElo "2340"]
[BlackElo "2279"]
[Result "1/2-1/2"]
[Round "1"]
1.c4 Ng8f6
2.g3 e6
3.Bf1g2 d5
4.Ng1f3 b6
5.b3 Bc8b7
6.O-O Bf8e7
7.Bc1b2 O-O
8.e3 dxc4
9.bxc4 Nb8d7
10.Qd1e2 Nd7c5
11.d4 Nc5a4
12.Bb2c1 Qd8d7
13.Nf3e5 Qd7c8
14.Qe2c2 Bb7xg2
15.Kxg2 Qc8e8
16.e4 c5
17.d5 exd5
18.exd5 Be7d6
19.Ne5c6 Qe8e4
20.Qc2xe4 Nf6xe4
21.f3 Ne4c3
22.Bc1d2 Nc3xb1
23.Ra1xb1 Rf8e8
24.Kf2 Bd6e5
25.Nc6xe5 Re8xe5
26.Bd2f4 Re5e8
27.Rb1b3 a6
28.d6 Ra8d8
29.Rf1d1 b5
30.cxb5 axb5
31.Rd1e1 Re8xe1
32.Kxe1 b4
33.Rb3d3 Na4b6
{ draw }
1/2-1/2

[Event "Tourn. n9854"]
[Site "www.echecsemail.com"]
[Date "2018.07.09"]
[Round "1"]
[White "Yakke"]
[Black "Cal"]
[WhiteElo "1770"]
[BlackElo "1790"]
[Result "1/2-1/2"]
[Round "1"]
1.e4 e5
2.Ng1f3 d6
3.d4 h6
4.h3 a6
5.d5 Ng8f6
6.Nb1c3 Bc8d7
7.Qd1d3 Bf8e7
8.Bc1d2 c6
9.O-O-O b5
10.b3 c5
11.Qd3e2 { draw }
1/2-1/2

[Event "Tourn. n9804"]
[Site "www.echecsemail.com"]
[Date "2018.07.09"]
[Round "1"]
[White "Pdebonis"]
[Black "Aperturaf"]
[WhiteElo "2690"]
[BlackElo "2740"]
[Result "1/2-1/2"]
[Round "1"]
1.e4 e6
2.d4 d5
3.Nb1d2 Ng8f6
4.e5 Nf6d7
5.Bf1d3 c5
6.c3 cxd4
7.cxd4 Nb8c6
8.Ng1e2 f6
9.exf6 Nd7xf6
10.O-O Bf8d6
11.Nd2f3 Qd8c7
12.h3 O-O
13.Rf1e1 e5
14.dxe5 Nc6xe5
15.Ne2c3 Bc8d7
16.Bc1e3 Bd7c6
17.Nf3xe5 Bd6xe5
18.Qd1b3 a6
19.Nc3e2 Rf8e8
20.Ra1c1 Qc7a5
21.Re1d1 Qa5a4
22.Qb3xa4 Bc6xa4
23.b3 Ba4b5
24.Bd3xb5 axb5
25.Rc1c2 Re8c8
26.Rc2xc8 Ra8xc8
27.Be3f4 Be5b2
28.Rd1d2 Bb2a1
29.Bf4e3 Rc8a8
30.f3 Kf7
31.Kf2 b4
32.Be3d4 Ba1xd4
33.Rd2xd4 Ra8xa2
34.Rd4xb4 b6
35.Rb4xb6 d4
36.Rb6d6 Ra2b2
{ draw }
1/2-1/2

[Event "Tourn. n9881"]
[Site "www.echecsemail.com"]
[Date "2018.07.09"]
[Round "1"]
[White "Dougbeer"]
[Black "Apdash"]
[WhiteElo "1979"]
[BlackElo "1840"]
[Result "1-0"]
[Round "1"]
1.e4 c5
2.c3 e5
3.Ng1f3 d6
4.d4 cxd4
5.cxd4 exd4
6.Nf3xd4 Ng8f6
7.Nb1c3 Bf8e7
8.Bf1b5 Bc8d7
9.Bb5xd7 Qd8xd7
10.Nd4f5 O-O
11.O-O Rf8d8
12.Bc1g5 Nb8c6
13.Nf5xe7 Nc6xe7
14.Bg5xf6 gxf6
15.Qd1d4 Qd7e6
16.Ra1d1 Ne7c6
17.Qd4e3 Kh8
18.Nc3d5 Nc6e7
19.Nd5c7 Qe6xa2
20.Qe3c3 Ne7g8
21.Rd1a1 Qa2xa1
22.Rf1xa1 Ra8c8
23.Ra1xa7 { resign }
1-0

[Event "1/128 Finale"]
[Site "www.chess-mail.com"]
[Date "2018.07.09"]
[Round "1"]
[White "Ladyuzbetova"]
[Black "Reda"]
[WhiteElo "1299"]
[BlackElo "1790"]
[Result "1-0"]
[Round "1"]
1.e4 e5
2.Ng1e2 Bf8c5
3.Nb1c3 Qd8f6
4.d4 exd4
5.Nc3d5 Qf6d6
6.Bc1f4 Qd6e6
7.Nd5xc7 Kd8
8.Nc7xe6 dxe6
9.Ne2xd4 Ng8f6
10.Nd4c6 Ke8
11.Qd1d8 { resign }
1-0

[Event "Fast Game"]
[Site "www.echecsemail.com"]
[Date "2018.07.09"]
[Round "1"]
[White "J1j6"]
[Black "Coolant"]
[WhiteElo "1599"]
[BlackElo "1940"]
[Result "0-1"]
[Round "1"]
1.f4 e6
2.Ng1f3 f5
3.d4 Ng8f6
4.c4 d5
5.e3 Bf8b4
6.Nb1c3 O-O
7.Qd1b3 a5
8.a4 c5
9.cxd5 exd5
10.dxc5 Nb8a6
11.Bf1xa6 Ra8xa6
12.Nf3d4 Bb4xc5
13.Nc3e2 Ra6b6
14.Nd4b5 Bc8d7
15.Ne2c3 Bd7c6
16.Rh1g1 Rf8e8
17.h3 Bc5xe3
18.Bc1xe3 Re8xe3
19.Kf2 Re3e4
20.Nc3xe4 Nf6xe4
21.Ke1 Qd8e7
22.Kd1 Qe7c5
23.Ra1c1 Qc5xg1
24.Kc2 Qg1xg2
{ resign }
0-1

[Event "Tourn. n9879"]
[Site "www.echecsemail.com"]
[Date "2018.07.10"]
[Round "1"]
[White "Bojan"]
[Black "Mitja"]
[WhiteElo "2050"]
[BlackElo "2050"]
[Result "1-0"]
[Round "1"]
1.e4 d5
2.exd5 Qd8xd5
3.Nb1c3 Qd5d8
4.Qd1f3 e6
5.Bf1c4 c6
6.Ng1h3 h6
7.d3 Ng8f6
8.O-O Bf8e7
9.a3 Qd8d7
10.Nh3f4 b6
11.Qf3g3 O-O
12.Bc1e3 Bc8b7
13.Ra1d1 Be7d6
14.Qg3h4 c5
15.Nf4h5 Nf6xh5
16.Qh4xh5 Qd7c6
17.f3 Nb8d7
18.Be3xh6 Nd7f6
19.Qh5g5 { resign }
1-0

[Event "Tourn. n9849"]
[Site "www.echecsemail.com"]
[Date "2018.07.10"]
[Round "1"]
[White "Piekki"]
[Black "Andychesston"]
[WhiteElo "2250"]
[BlackElo "2000"]
[Result "1-0"]
[Round "1"]
1.e4 e5
2.Ng1f3 Nb8c6
3.Bf1b5 d6
4.d4 Bc8g4
5.dxe5 dxe5
6.Qd1d5 Qd8xd5
7.exd5 e4
8.Nf3e5 Bg4h5
9.dxc6 O-O-O
10.cxb7 Kxb7
11.Bb5c6 Kb6
12.Bc1e3 Bf8c5
13.Be3xc5 Kxc5
14.g4 f6
15.gxh5 fxe5
16.Bc6xe4 Ng8f6
17.Nb1c3 Nf6xh5
18.Rh1g1 g6
19.Ra1d1 Rd8d4
20.Rd1xd4 Kxd4
21.Ke2 Nh5f4
22.Kf3 Rh8f8
23.Rg1d1 Kc5
24.Kg4 h5
25.Kg5 Nf4h3
26.Kxg6 Nh3xf2
27.Rd1d5 Kc4
28.Rd5xe5 h4
29.Re5f5 Rf8xf5
30.Be4xf5 Kd4
31.Nc3b5 Ke3
32.Nb5xa7 c5
33.Na7c6 Kf3
34.a4 { resign }
1-0

[Event "Tourn. n9872"]
[Site "www.echecsemail.com"]
[Date "2018.07.10"]
[Round "1"]
[White "Cathar"]
[Black "J1j6"]
[WhiteElo "2370"]
[BlackElo "2249"]
[Result "1-0"]
[Round "1"]
1.c4 c5
2.Ng1f3 Nb8c6
3.Nb1c3 e6
4.g3 Ng8f6
5.Bf1g2 d5
6.cxd5 Nf6xd5
7.O-O Nd5xc3
8.bxc3 f6
9.d4 cxd4
10.cxd4 Qd8b6
11.e4 Bc8d7
12.d5 exd5
13.exd5 Nc6e5
14.Nf3xe5 fxe5
15.Qd1h5 Kd8
16.Qh5xe5 Rh8g8
17.Bc1g5 Kc8
18.Ra1c1 Bf8c5
19.Qe5e7 { resign }
1-0

[Event "Match"]
[Site "www.echecsemail.com"]
[Date "2018.07.10"]
[Round "1"]
[White "Guillaumefi"]
[Black "Dussek"]
[WhiteElo "1710"]
[BlackElo "1730"]
[Result "0-1"]
[Round "1"]
1.c4 e5
2.e4 Ng8f6
3.Nb1c3 Bf8c5
4.f3 O-O
5.Nc3d5 d6
6.Qd1e2 c6
7.Nd5xf6 Qd8xf6
8.Ng1h3 Bc8xh3
9.gxh3 Qf6h4
10.Kd1 Nb8d7
11.d3 f5
12.Bc1d2 fxe4
13.dxe4 Nd7b6
14.Bd2e1 Qh4f4
15.Be1d2 Qf4xf3
16.Qe2xf3 Rf8xf3
17.b3 Bc5d4
18.Ra1c1 Ra8f8
19.Kc2 Rf3f2
20.Kd3 Rf8f3
21.Kc2 Rf3c3
22.Kd1 Rc3xc1
23.Bd2xc1 Rf2xa2
24.c5 Bd4xc5
25.Bc1d2 Bc5f2
26.Bf1c4 Nb6xc4
27.bxc4 Ra2a1
28.Bd2c1 Bf2e3
29.Kc2 Ra1a2
30.Kb1 Ra2e2
31.Bc1a3 c5
32.Rh1d1 Be3d4
33.Rd1h1 Re2xe4
34.Rh1d1 Re4e3
35.Ba3c1 Re3xh3
36.Bc1g5 Kf7
37.Bg5d8 Rh3xh2
38.Bd8c7 Ke6
39.Rd1d3 g5
40.Rd3g3 h6
41.Rg3a3 a6
42.Ra3a5 Rh2b2
{ resign }
0-1

[Event "Match"]
[Site "www.echecsemail.com"]
[Date "2018.07.10"]
[Round "1"]
[White "Pinehill"]
[Black "Stevep84"]
[WhiteElo "2070"]
[BlackElo "2290"]
[Result "0-1"]
[Round "1"]
1.e4 c6
2.d4 d5
3.Nb1d2 dxe4
4.Nd2xe4 Bc8f5
5.Ne4g3 Bf5g6
6.Ng1h3 Ng8f6
7.Nh3f4 e6
8.Nf4xg6 hxg6
9.Bc1g5 Bf8e7
10.c3 Nf6d5
11.Bg5d2 Nb8d7
12.Bf1d3 Be7d6
13.Qd1c2 Qd8e7
14.O-O-O Nd5f4
15.Bd2xf4 Bd6xf4
16.Kb1 b5
17.Rh1e1 O-O
18.Ng3e2 Bf4g5
19.f4 Bg5f6
20.g4 g5
21.f5 b4
22.fxe6 fxe6
23.Ne2g3 bxc3
24.bxc3 Qe7a3
25.Bd3c4 Rf8b8
26.Bc4b3 Nd7f8
27.Ka1 Rb8b6
28.Ng3h5 Ra8b8
29.Nh5xf6 gxf6
30.Bb3xe6 Kg7
31.Be6f5 Rb6b2
{ resign }
0-1

[Event "Tourn. n9828"]
[Site "www.echecsemail.com"]
[Date "2018.07.10"]
[Round "1"]
[White "Tartan"]
[Black "Coolant"]
[WhiteElo "2500"]
[BlackElo "2350"]
[Result "1-0"]
[Round "1"]
1.e4 Nb8c6
2.d4 d5
3.Nb1c3 a6
4.exd5 Nc6b4
5.a3 Nb4xd5
6.Nc3xd5 Qd8xd5
7.c4 Qd5e4
8.Bc1e3 Bc8f5
9.Ng1e2 Qe4c2
10.Qd1xc2 Bf5xc2
11.Ra1c1 Bc2f5
12.d5 Ng8f6
13.Ne2d4 g6
14.Nd4xf5 gxf5
15.Bf1d3 e6
16.O-O Bf8g7
17.Bd3c2 O-O
18.Be3f4 Ra8c8
19.Rc1d1 c6
20.d6 Nf6d7
21.Rf1e1 b5
22.b3 Rf8d8
23.Re1e3 e5
24.Bf4g5 f6
25.Bg5h4 f4
26.Re3e2 bxc4
27.bxc4 Nd7c5
28.f3 Rc8b8
29.Bh4f2 Nc5b3
30.c5 Nb3a5
31.Bc2f5 Rb8b3
32.Bf5e6 Kf8
33.Be6xb3 Na5xb3
34.Re2b2 { resign }
1-0

[Event "Tourn. n9855"]
[Site "www.echecsemail.com"]
[Date "2018.07.10"]
[Round "1"]
[White "Andychesston"]
[Black "Bojan"]
[WhiteElo "2020"]
[BlackElo "2020"]
[Result "0-1"]
[Round "1"]
1.e4 e5
2.Ng1f3 d6
3.Bf1c4 h6
4.Nb1c3 Nb8c6
5.d4 exd4
6.Nf3xd4 Bc8d7
7.Bc1f4 Bf8e7
8.Qd1h5 g6
9.Qh5d5 Rh8h7
10.Nd4xc6 Bd7xc6
11.Qd5d3 Be7f6
12.O-O-O Bf6g5
13.g3 Bg5xf4
14.gxf4 Qd8h4
15.Qd3g3 Qh4e7
16.Rh1e1 O-O-O
17.Bc4d5 Qe7d7
18.Qg3f3 Ng8e7
19.e5 Ne7xd5
20.Nc3xd5 b6
21.Qf3d3 dxe5
22.Qd3a6 Bc6b7
23.Qa6xa7 Bb7xd5
24.c4 Qd7c6
25.b3 exf4
26.Rd1d4 f5
27.Re1e5 Rh7d7
28.Kb2 Bd5f7
29.Qa7a6 Kb8
30.Rd4xd7 Rd8xd7
31.Re5e2 Qc6c5
32.Qa6a4 c6
33.b4 Qc5xc4
34.Re2c2 Qc4d4
35.Ka3 Rd7a7
{ resign }
0-1

[Event "Match"]
[Site "www.echecsemail.com"]
[Date "2018.07.10"]
[Round "1"]
[White "Chapi"]
[Black "Grischuk2789"]
[WhiteElo "2140"]
[BlackElo "1809"]
[Result "0-1"]
[Round "1"]
1.d4 g6
2.Ng1f3 Bf8g7
3.e4 d6
4.Bf1c4 Nb8c6
5.c3 Ng8f6
6.Nf3g5 O-O
7.O-O h6
8.Ng5xf7 Rf8xf7
9.Bc4xf7 Kxf7
10.Qd1f3 Kg8
11.Bc1f4 e5
12.Bf4e3 d5
13.Nb1d2 exd4
14.cxd4 dxe4
15.Nd2xe4 Nf6xe4
16.Qf3xe4 Bc8f5
17.Qe4f4 Nc6b4
18.Rf1d1 c6
19.g4 Nb4d5
20.Qf4g3 Bf5e6
21.h3 g5
22.f4 Qd8d6
23.Qg3f3 Nd5xe3
24.Qf3xe3 gxf4
25.Qe3f2 Ra8d8
26.Rd1e1 Bg7xd4
{ resign }
0-1

[Event "Tourn. n9756"]
[Site "www.chess-mail.com"]
[Date "2018.07.11"]
[Round "1"]
[White "Odin"]
[Black "Julian"]
[WhiteElo "1820"]
[BlackElo "1910"]
[Result "1-0"]
[Round "1"]
1.d4 d5
2.Ng1f3 Ng8f6
3.Nb1c3 e6
4.a3 Bf8e7
5.Bc1f4 O-O
6.Nc3b5 Nb8a6
7.e3 c6
8.Nb5c3 Na6c7
9.Bf1d3 h6
10.Bf4e5 Nf6d7
11.Be5g3 Be7f6
12.Ra1b1 Rf8e8
13.h3 e5
14.dxe5 Nd7xe5
15.Bd3e2 Ne5xf3
16.Be2xf3 Bc8f5
17.Nc3e2 Bf5e4
18.Ne2f4 Nc7e6
19.Nf4h5 Bf6e7
20.Bg3e5 f6
21.Bf3xe4 dxe4
22.Be5c3 Kh7
23.Qd1g4 Re8g8
24.Qg4f5 g6
25.Nh5xf6 Be7xf6
26.Qf5xf6 Qd8xf6
27.Bc3xf6 Ra8f8
28.Bf6e7 Rf8f7
29.Be7b4 Ne6c7
30.O-O Nc7d5
31.Bb4d6 Rg8e8
32.c4 Nd5b6
33.b3 Re8e6
34.c5 Nb6d5
35.Rb1c1 b6
36.b4 bxc5
37.bxc5 Rf7b7
38.Rc1b1 Rb7xb1
39.Rf1xb1 g5
40.Rb1b7 Kg6
41.Rb7xa7 h5
42.a4 Nd5c3
43.a5 Nc3b5
44.Ra7a6 Nb5xd6
45.Ra6xc6 Kf5
46.Rc6xd6 Re6e5
47.c6 Re5xa5
48.Kh2 Ra5c5
49.Rd6h6 Rc5c2
50.g4 hxg4
51.hxg4 Ke5
52.Kg3 Kd5
53.Rh6g6 Rc2c1
54.Rg6xg5 Kxc6
55.Rg5e5 Rc1g1
56.Kf4 Kd6
57.Re5xe4 Kd5
58.Re4a4 Rg1g2
59.f3 Ke6
60.g5 Rg2g1
61.e4 { resign }
1-0